000 00849nam a22001937a 4500
005 20260305100418.0
008 250604b |||||||| |||| 00| 0 eng d
020 _a 978-0-618-31074-6
050 _aHF 5635 .N 44 2004
100 _aNEEDLES POWERS
245 _aFINANCIAL ACCOUNTING
250 _a8
260 _aBOSTON,
_bHOUGHTON MIFFLIN COMPANY,
_c2004,
300 _aXXii, 780 P, ILL
500 _aINCLUDES BIBLIOGRAPHICAL REFERENCES AND INDEX
650 _aAccounting
700 _aPOWERS MARIAN
942 _2lcc
_cBK
999 _c215560
_d215560